000
00207 a2200097 4500
001
28599
100
_a
Lambron, F H
245
_a
Guide to work sampling
260
_a
_b
John Rider
_c
090
_c
19136
_d
19136
942
_a
NUST-CAE
_c
M
_c
10154
999
_c
263672
_d
263672